000 003490000a22001450004500
003 MACL
040 _aMACL
090 _c1783
_d1783
100 _aJung, Anees
245 _aBreaking The Silence
_bVoice Of Women From Around The World
260 _aNew Delhi
_bPenguin Books
_c1997
350 _a195
650 _aGeneral Collection
942 _cBOOK
_k080
999 _c1770
_d1770